000 00479nam a2200169 a 4500
005 20140412111250.0
008 010326s19uu xx 00 eng d
020 _a0-590-11877-3
050 _aTR(PS E
_bMi68 1977
100 _aAllard, Harry
245 _aMiss Nelson is missing. /
_cHarry Allard ; James Marshall.
260 _aNew York :
_bScholastic Inc,
_c1977.
300 _a32 p. ; ill.
650 _aSchools - Fiction
650 _aTeachers - Fiction
999 _c103142
_d103142